[Event "SUI-ch U16"]
[Site "Belp"]
[Date "2014.06.09"]
[Round "7"]
[White "Hunter, Damian"]
[Black "Barnicol, Georges"]
[Result "0-1"]
[WhiteElo "1789"]
[BlackElo "1637"]
[PlyCount "70"]
[EventDate "2014.06.06"]
[EventType "swiss"]
[EventRounds "7"]
[EventCountry "SUI"]
[SourceTitle "EXT 2015"]
[Source "ChessBase"]
[SourceDate "2014.11.20"]
[SourceVersion "1"]
[SourceVersionDate "2014.11.20"]
[SourceQuality "1"]

1. e4 c5 2. Nf3 e6 3. d4 cxd4 4. Nxd4 Nc6 5. Be3 Qc7 6. Be2 Nf6 7. f3 a6 8. 0-0 Be7 9. c4 0-0 10. Nc3 d6 11. f4 e5 12. Nf5 Bxf5 13. exf5 exf4 14. Rxf4 Ne5 15. g4 Qd8 16. h4 h6 17. Qf1 Nh7 18. h5 Re8 19. Rf2 Ng5 20. Nd5 Bf8 21. Bb6 Qd7 22. Nc7 Qc6 23. Nxa8 Rxa8 24. Bd4 Ne4 25. Rg2 Nd2 26. Qf4 Nef3+ 27. Kf2 Be7 28. Bxf3 Bh4+ 29. Ke2 Nxf3 30. Qxf3 Re8+ 31. Be3 Qxc4+ 32. Kd2 Qb4+ 33. Kc2 Rc8+ 34. Kd3 Qc4+ 35. Kd2 Qc2# 0-1